| 000 | 00802cam a22002531 4500 | ||
|---|---|---|---|
| 001 | 33489 | ||
| 003 | BD-RjUL | ||
| 005 | 20211209052021.0 | ||
| 008 | 140508r19661965nyuab b 001 0 eng | ||
| 035 | _a(BD-RjUL)33580 | ||
| 040 |
_aDLC _cDLC _dBD-RjUL _beng |
||
| 041 | _aeng | ||
| 082 | 0 | 0 |
_a301.082 _bSOC 1966 |
| 245 | 1 | 0 |
_aSocial problems : _cEdited by Edward C. McDonagh and Jon E. Simpson. _bpersistent challenges / |
| 260 |
_aNew York : _bHolt, Rinehart and Winston, _cc1965 [Printing 1966]. |
||
| 300 |
_axix, 604 p. : _bill. ; _c25 cm. |
||
| 504 | _aIncludes bibliographical references and index. | ||
| 650 | 0 |
_aSocial problems. _9101638 |
|
| 700 | 1 |
_aMcDonagh, Edward C. _9101639 |
|
| 700 | 1 |
_aSimpson, Jon E. _9101640 |
|
| 942 |
_2ddc _cBK |
||
| 999 |
_c33489 _d33489 |
||